| 000 | 01069nam a22003137a 4500 | ||
|---|---|---|---|
| 999 |
_c96 _d96 |
||
| 001 | 004035 | ||
| 003 | CoMeUDC004035 | ||
| 005 | 20181024220952.0 | ||
| 008 | 181024b ||||| |||| 00| 0 eng d | ||
| 015 | _ack-2008-xxxx | ||
| 020 | _a9789586536981 | ||
| 040 |
_aCoMeUDC _bspa _cCoMeUDC |
||
| 043 | _as-ck--- | ||
| 082 | 0 | 4 |
_a346.078 _bL65r _221 |
| 100 |
_aLondoño Restrepo, Alvaro. _939 |
||
| 245 | 1 | 0 |
_aRégimen de insolvencia empresarial : _bcomentarios a la Ley 1116 de 2006 / _cAlvaro Londoño Restrepo, Alvaro Isaza Upegui. |
| 250 | _a2a. ed. revisada y actualizada. | ||
| 260 | 3 |
_aBogotá : _bLegis, _c2008. |
|
| 300 |
_axix, 616 p. ; _c24 cm. |
||
| 504 | _aIncluye bibliografa̕s. | ||
| 650 |
_aQuiebra _x Aspectos jurd̕icos _z Colombia. |
||
| 650 | 6 |
_aConcurso de acreedores _z Colombia. |
|
| 650 |
_aResponsabilidad civil _z Colombia. |
||
| 650 |
_aProcedimiento civil _z Colombia. |
||
| 650 | 6 |
_aDeudor y acreedor _x Aspectos jurd̕icos _z Colombia. |
|
| 700 | 1 | _aIsaza Upegui, Alvaro. | |
| 942 |
_2ddc _cBK |
||
| 949 |
_an _bn |
||